[Event "European Youth Chess Championship G14"]
[Site "Prague, Top Hotel Prague"]
[Date "2016.08.24"]
[Round "6.30"]
[White "Pecorini, Angie"]
[Black "Slaba, Andrea"]
[Result "1-0"]
[WhiteElo "1625"]
[BlackElo "1753"]
[PlyCount "103"]
[EventDate "2016.08.18"]

1. d4 d5 2. c4 c6 3. Nf3 Nf6 4. Nc3 e6 5. e3 Be7 6. Bd3 O-O 7. O-O Nbd7 8. e4
dxe4 9. Nxe4 Nxe4 10. Bxe4 Nf6 11. Bd3 Qc7 12. Be3 c5 13. Qc2 b6 14. dxc5 bxc5
15. Ng5 h6 16. Ne4 Bb7 17. a3 Rfb8 18. Rab1 Nxe4 19. Bxe4 Bf6 20. b4 Bxe4 21.
Qxe4 cxb4 22. axb4 Rc8 23. c5 a6 24. Rfd1 Rd8 25. Qc4 Qc6 26. h3 Rxd1+ 27. Rxd1
Rd8 28. Rb1 Rb8 29. f3 Kf8 30. Bf4 e5 31. Bg3 Ke7 32. Kh1 g5 33. Qe2 Qb5 34.
Qe4 Rd8 35. Bxe5 Qd3 36. Bxf6+ Kxf6 37. Qxd3 Rxd3 38. Ra1 Rb3 39. Rxa6+ Ke5 40.
Rb6 Kf4 41. Kh2 Ke5 42. b5 Kd5 43. c6 Rc3 44. Rb8 Kd6 45. Rd8+ Ke7 46. Rd5 Ke6
47. Rd7 Rb3 48. Rb7 Rc3 49. c7 Kd7 50. b6 f5 51. Rb8 Rc4 52. Rd8+ 1-0

[Event "European Youth Chess Championship G14"]
[Site "Prague, Top Hotel Prague"]
[Date "2016.08.24"]
[Round "6.31"]
[White "Andrade, Sandoval Bianca"]
[Black "Katkov, Michelle"]
[Result "1/2-1/2"]
[WhiteElo "1899"]
[BlackElo "1619"]
[PlyCount "120"]
[EventDate "2016.08.18"]

1. d4 Nf6 2. Bf4 e6 3. Nf3 c5 4. e3 Nc6 5. c3 d5 6. Bd3 Bd6 7. Bg3 Bxg3 8. hxg3
Qd6 9. Nbd2 h6 10. a3 O-O 11. Nh4 e5 12. dxe5 Nxe5 13. Bc2 Nfg4 14. O-O Be6 15.
Qe2 d4 16. exd4 cxd4 17. cxd4 Qxd4 18. Ndf3 Nxf3+ 19. Nxf3 Qc5 20. Rac1 Qh5 21.
Qe4 g6 22. Rfd1 Rad8 23. Qf4 Rfe8 24. Rxd8 Rxd8 25. Be4 Qb5 26. Nh2 Nxh2 27.
Kxh2 Qxb2 28. Rc2 Qd4 29. Bxb7 Qxf4 30. gxf4 Rd3 31. a4 Rd4 32. a5 Rxf4 33. a6
Bc4 34. f3 Rd4 35. Kg3 Kg7 36. Rc3 $11 Kf6 37. Kf2 Ke5 38. Ke3 f5 39. g3 g5 40.
Kf2 f4 41. Rc2 fxg3+ 42. Kxg3 Kd6 43. Rh2 Rh4 44. Rxh4 gxh4+ 45. Kxh4 Bf7 46.
f4 Ke6 47. Kg4 Kf6 48. Kg3 Bc4 49. Kg4 Be2+ 50. Bf3 Bxa6 51. Kh5 Kf5 52. Kxh6
Kxf4 53. Bc6 Bd3 54. Kh5 Ke5 55. Kg4 Kd6 56. Ba8 a5 57. Kf3 Kc5 58. Ke3 Bf1 59.
Kd2 Kb4 60. Kc1 Kb3 $13 1/2-1/2

[Event "European Youth Chess Championship G14"]
[Site "Prague, Top Hotel Prague"]
[Date "2016.08.24"]
[Round "6.32"]
[White "Akulova, Alicia"]
[Black "Kvendseth, Thyra"]
[Result "0-1"]
[WhiteElo "1611"]
[BlackElo "1735"]
[PlyCount "46"]
[EventDate "2016.08.18"]

1. e4 e5 2. Nf3 Nc6 3. Nc3 Nf6 4. d4 exd4 5. Nxd4 Bb4 6. Nxc6 bxc6 7. Bd3 O-O
8. O-O Re8 9. Qf3 Rb8 10. h3 h6 11. Ne2 d5 12. exd5 cxd5 13. Ng3 Bd6 14. Nf5
Bxf5 15. Bxf5 Qe7 16. c3 Qe5 17. g3 Bc5 18. b3 Ne4 19. Bxe4 dxe4 20. Qg4 h5 21.
Qe2 Qxg3+ 22. Kh1 Qxh3+ 23. Kg1 Re6 0-1

[Event "European Youth Chess Championship G14"]
[Site "Prague, Top Hotel Prague"]
[Date "2016.08.24"]
[Round "6.33"]
[White "Sidamonidze, Anastasia"]
[Black "Rosenbaumova, Lea"]
[Result "1-0"]
[WhiteElo "1690"]
[BlackElo "1432"]
[PlyCount "41"]
[EventDate "2016.08.18"]

1. e4 e6 2. d4 d5 3. Nd2 c5 4. exd5 exd5 5. Bb5+ Nc6 6. Ngf3 Nf6 7. O-O Be7 8.
dxc5 Bxc5 9. Re1+ Be6 10. Nb3 Be7 11. Qe2 a6 12. Bxc6+ bxc6 13. Nbd4 Bd7 14.
Ne5 c5 15. Nec6 Bxc6 16. Nxc6 Qd7 17. Qxe7+ Qxe7 18. Rxe7+ Kf8 19. Rb7 g6 20.
Bh6+ Ke8 21. Re1+ 1-0

[Event "European Youth Chess Championship G14"]
[Site "Prague, Top Hotel Prague"]
[Date "2016.08.24"]
[Round "6.34"]
[White "Golsta, Madara"]
[Black "Daniel, Sharon"]
[Result "0-1"]
[WhiteElo "1675"]
[BlackElo "1411"]
[PlyCount "145"]
[EventDate "2016.08.18"]

1. e4 c5 2. Nf3 e6 3. d3 Nc6 4. g3 g6 5. Bg2 Bg7 6. O-O Nge7 7. c3 O-O 8. Bf4
d6 9. Nbd2 d5 10. Qc2 e5 11. Bg5 d4 12. Bxe7 Qxe7 13. a4 Be6 14. Rfc1 Rac8 15.
h4 h6 16. Qd1 Rfd8 17. Qe2 Qd7 18. Ne1 dxc3 19. bxc3 Na5 20. c4 Nc6 21. Nb3 Qe7
22. Nc2 Rc7 23. Ne3 Qf8 24. Rab1 h5 25. Nd5 Rcc8 26. a5 Bh6 27. Rd1 Ne7 28. Kh2
Bg7 29. Nd2 Rb8 30. Rb5 Nc6 31. Nb3 a6 32. Rb6 Na7 33. Qe3 Nc8 34. Qxc5 Qxc5
35. Nxc5 Nxb6 36. Nxb6 Bf8 37. Nb3 Bb4 38. Bh3 Kg7 39. Nd5 Bf8 40. Bg2 Bd7 41.
Rb1 Bc6 42. Nd2 Bc5 43. Kg1 Ba4 44. Rb2 Bd4 45. Ra2 Bd7 46. Nf3 f6 47. Nxd4
exd4 48. f4 Kf7 49. Kf2 Bg4 50. Bf3 Be6 51. Rb2 Rdc8 52. Nb4 Ke7 53. Nc2 Rd8
54. Rb6 Rd7 55. Nb4 Rd6 56. Nd5+ Bxd5 57. exd5 Rxb6 58. axb6 Kd6 59. f5 gxf5
60. Bxh5 Kc5 61. Bg6 Kxb6 62. Bxf5 Kc5 63. h5 b5 64. cxb5 axb5 65. Ke2 Kxd5 66.
Kd2 Kc5 67. h6 Rh8 68. h7 Kb4 69. Kc2 Ka3 70. g4 b4 71. Kb1 b3 72. Ka1 b2+ 73.
Kb1 0-1

[Event "European Youth Chess Championship G14"]
[Site "Prague, Top Hotel Prague"]
[Date "2016.08.24"]
[Round "6.35"]
[White "Petkova, Denitsa"]
[Black "Oliveira, Maria Alice Ramos Ma"]
[Result "1/2-1/2"]
[WhiteElo "1602"]
[BlackElo "1667"]
[PlyCount "45"]
[EventDate "2016.08.18"]

 1. e4 e5 2. Nf3 Nc6 3. Bc4
Bc5 4. c3 Nf6 5. d4 exd4 6. cxd4 Bb4+ 7. Nc3 Nxe4 8. O-O Bxc3 9. bxc3 d5 10.
Bd3 O-O 11. Qc2 Bf5 12. Re1 Bg6 13. Bf4 Re8 14. Rab1 Rb8 15. c4 Nf6 16. Rxe8+
Nxe8 17. Bxg6 hxg6 18. c5 Qd7 19. Ne5 Nxe5 20. Bxe5 f6 21. Bg3 Kf7 22. h3 Qc6
23. Qe2 1/2-1/2

[Event "European Youth Chess Championship G14"]
[Site "Prague, Top Hotel Prague"]
[Date "2016.08.24"]
[Round "6.36"]
[White "Grimaldi, Angela Flavia"]
[Black "Liiv, Kristiina"]
[Result "1-0"]
[WhiteElo "1662"]
[BlackElo "1341"]
[PlyCount "71"]
[EventDate "2016.08.18"]

1. e4 c5 2. Nf3 d6 3. d4 cxd4 4. Nxd4 Nf6 5. Nc3 g6 6. g3 Bg7 7. Bg2 O-O 8. h3
Nc6 9. Be3 Ne5 10. Qe2 Bd7 11. O-O Rc8 12. Rad1 Nc4 13. Bc1 Qb6 14. b3 Ne5 15.
Nd5 Nxd5 16. exd5 Rfe8 17. Be3 f6 18. Ne6 Qa5 19. Nxg7 Kxg7 20. c4 a6 21. f4
Nf7 22. g4 Qc7 23. g5 f5 24. Bd4+ Kg8 25. Qf2 b5 26. Rc1 bxc4 27. Rxc4 Qb7 28.
Bb2 Rb8 29. Qc2 Bb5 30. Qc3 e5 31. dxe6 Qa7+ 32. Kh1 Ne5 33. Rc7 Qb6 34. fxe5
Bxf1 35. exd6 Bxg2+ 36. Kxg2 1-0

[Event "European Youth Chess Championship G14"]
[Site "Prague, Top Hotel Prague"]
[Date "2016.08.24"]
[Round "6.38"]
[White "Szczerbacewicz, Nastia"]
[Black "Moerwald, Magdalena"]
[Result "1-0"]
[WhiteElo "1565"]
[BlackElo "1624"]
[PlyCount "61"]
[EventDate "2016.08.18"]

1. d4 Nf6 2. Nf3 g6 3. e3 Bg7 4. Bd3 O-O 5. O-O d6 6. Qe2 Nbd7 7. e4 Re8 8. e5
dxe5 9. dxe5 Nd5 10. e6 N7f6 11. exf7+ Kxf7 12. Rd1 Bd7 13. Ne5+ Kf8 14. Nxd7+
Nxd7 15. Bxg6 hxg6 16. Rxd5 Qc8 17. Nc3 Nf6 18. Rg5 c6 19. Rxg6 Qf5 20. Rg3
Rad8 21. Be3 Qh5 22. Rf3 Kg8 23. Re1 b6 24. Qc4+ Nd5 25. Qxc6 Rd6 26. Qc4 e6
27. Ne4 Nxe3 28. Rfxe3 Rd1 29. Ng3 Rxe1+ 30. Rxe1 Qh6 31. h3 1-0

[Event "European Youth Chess Championship G14"]
[Site "Prague, Top Hotel Prague"]
[Date "2016.08.24"]
[Round "6.39"]
[White "Golsta, Ramona"]
[Black "Nilsson, Kajsa 2002"]
[Result "1-0"]
[WhiteElo "1561"]
[BlackElo "1620"]
[PlyCount "101"]
[EventDate "2016.08.18"]

1. d4 Nf6 2. Nf3 d5 3. Bg5 Ne4 4. Bh4 c5 5. dxc5 Nc6 6. e3 f6 7. Bd3 Bf5 8. Nd4
Qd7 9. f3 Nxd4 10. exd4 g5 11. Qe2 Nc3 12. Nxc3 Bxd3 13. Qxd3 gxh4 14. Qb5
O-O-O 15. Qxd7+ Rxd7 16. Kf2 e5 17. Rad1 exd4 18. Na4 Rc7 19. Rxd4 Bxc5 20.
Nxc5 Rxc5 21. c3 h3 22. g4 Rg8 23. Kg3 Re8 24. Rhd1 Rb5 25. R1d2 Re1 26. Kxh3
Rb1 27. b3 Rc1 28. Rxd5 Rxd5 29. Rxd5 Rxc3 30. Rf5 Rc6 31. Kh4 Rc2 32. Rxf6
Rxh2+ 33. Kg5 Rxa2 34. f4 Ra5+ 35. Kh6 Rb5 36. Kxh7 Rxb3 37. g5 a5 38. Rh6 Rf3
39. g6 Rxf4 40. g7 Rf7 41. Kh8 Rxg7 42. Kxg7 Kc7 43. Re6 a4 44. Kf6 b6 45. Ke5
Kb7 46. Kd4 Ka6 47. Kc4 Ka5 48. Re5+ b5+ 49. Rxb5+ Ka6 50. Kb4 a3 51. Ra5+ 1-0

[Event "European Youth Chess Championship G14"]
[Site "Prague, Top Hotel Prague"]
[Date "2016.08.24"]
[Round "6.40"]
[White "Markova, Kristyna"]
[Black "Nass, Maria"]
[Result "0-1"]
[WhiteElo "1536"]
[BlackElo "1588"]
[PlyCount "58"]
[EventDate "2016.08.18"]

1. e4 e5 2. Nf3 Nc6 3. Bc4 Nf6 4. d3 Be7 5. c3 d5 6. exd5 Nxd5 7. Qb3 Nb6 8.
Bxf7+ Kf8 9. Bc4 Bf5 10. O-O Bxd3 11. Bxd3 Qxd3 12. Bg5 Qf5 13. Bxe7+ Kxe7 14.
Re1 Raf8 15. Nbd2 Kd7 16. Ne4 Kc8 17. Neg5 Re8 18. Qf7 Qc2 19. Qxg7 Qxb2 20.
Nf7 Rhg8 21. Qxh7 Rgf8 22. Rad1 Qxa2 23. Qh3+ Kb8 24. N7g5 Qc2 25. Ne6 Rf6 26.
Ng7 Rg8 27. Qh4 Rg6 28. Nh5 Rxg2+ 29. Kh1 Qxc3 0-1

[Event "European Youth Chess Championship G14"]
[Site "Prague, Top Hotel Prague"]
[Date "2016.08.24"]
[Round "6.41"]
[White "Lagazauri, Tamar"]
[Black "Tomcikova, Dominika"]
[Result "0-1"]
[WhiteElo "1505"]
[BlackElo "1741"]
[PlyCount "142"]
[EventDate "2016.08.18"]

1. d4 Nf6 2. c3 d5 3. Bf4 Nc6 4. e3 a6 5. Nd2 Bf5 6. Ngf3 e6 7. Be2 Bd6 8. Bg3
Bxg3 9. hxg3 Ne7 10. Ne5 c6 11. a4 Qc7 12. Bd3 Bxd3 13. Nxd3 Nf5 14. Ne5 Nd7
15. Ndf3 Nxe5 16. Nxe5 Qe7 17. Qf3 Nd6 18. Qg4 Qf6 19. Qf4 Qxf4 20. gxf4 Ke7
21. g4 f6 22. Nd3 h6 23. Ke2 a5 24. Rh3 Nf7 25. Rc1 b5 26. Ra1 Rhb8 27. axb5
cxb5 28. Rhh1 a4 29. Ra2 Nd6 30. Rha1 Nc4 31. b3 Nb6 32. bxa4 Rxa4 33. Nb4 Kd6
34. Kd3 Rba8 35. f3 Rxa2 36. Rxa2 Rxa2 37. Nxa2 g6 38. e4 f5 39. e5+ Ke7 40.
Nc1 h5 41. g5 Kd7 42. Ne2 Nc8 43. Kc2 Kc7 44. Kb3 Kb6 45. Ng1 Ne7 46. Nh3 Nc6
47. Nf2 Ka5 48. Nh3 b4 49. cxb4+ Nxb4 50. Nf2 Nc6 51. Kc3 Na7 52. Nh3 Nb5+ 53.
Kd3 Kb4 54. Ng1 Nc7 55. Ne2 Ne8 56. Ng1 Ng7 57. Nh3 h4 58. Nf2 Nh5 59. Ke3 Kc4
60. Nh3 Ng3 61. Nf2 Kc3 62. Nd1+ Kc2 63. Nf2 Nf1+ 64. Ke2 Nd2 65. Nd1 Nc4 66.
Nf2 Kc3 67. Nd1+ Kxd4 68. Kf2 Kd3 69. Kg2 Ne3+ 70. Kh3 Nxd1 71. Kxh4 Ke3 0-1

[Event "European Youth Chess Championship G14"]
[Site "Prague, Top Hotel Prague"]
[Date "2016.08.24"]
[Round "6.42"]
[White "Rubsamen, Anais"]
[Black "Levin, Emily"]
[Result "1-0"]
[WhiteElo "1578"]
[BlackElo "1390"]
[PlyCount "135"]
[EventDate "2016.08.18"]

1. Nf3 Nf6 2. g3 d5 3. Bg2 c6 4. O-O Bg4 5. d3 Nbd7 6. Nbd2 e5 7. b3 Bd6 8. Bb2
O-O 9. e4 dxe4 10. Nxe4 Nxe4 11. dxe4 Bc7 12. h3 Be6 13. Qd2 f6 14. Rad1 Re8
15. Ba3 Qc8 16. Qe2 Nf8 17. Kh2 Ng6 18. Nd2 b5 19. c4 a6 20. Rc1 Bd7 21. Rfd1
Rb8 22. Nf3 b4 23. Bb2 a5 24. Rd2 Be6 25. Rcd1 Nf8 26. Ne1 Nd7 27. Nd3 Bb6 28.
a3 Nc5 29. Nxc5 Bxc5 30. a4 Qc7 31. Rd3 Red8 32. Bc1 Bd4 33. Qd2 c5 34. Bb2 $11
Rd7 35. Bxd4 cxd4 36. f4 Rbd8 37. fxe5 Qxe5 38. Qf4 g5 39. Qxe5 fxe5 40. Bf3
Rf8 41. g4 Kg7 42. Kg3 Rf4 43. Rc1 Bf7 44. c5 Rc7 45. c6 Bg6 46. Rc5 Bxe4 47.
Rxe5 Bxf3 48. Rxg5+ Kf6 49. Kxf4 Bxc6 50. Rxd4 Bg2 51. Rxa5 Rc3 52. Ra6+ Ke7
53. Rxb4 Rxh3 54. Rbb6 Kd7 55. Rh6 Rxb3 56. Rxh7+ Ke8 57. Raa7 Rf3+ 58. Kg5 Rf8
59. Rae7+ Kd8 60. Ref7 Re8 61. Rd7+ Kc8 62. Rde7 Rd8 63. Rh2 Bb7 64. Rc2+ Kb8
65. Rb2 Rg8+ 66. Kh4 Ka8 67. Rbe2 Bc6 68. R2e6 1-0

[Event "European Youth Chess Championship G14"]
[Site "Prague, Top Hotel Prague"]
[Date "2016.08.24"]
[Round "6.43"]
[White "Davidson, Laura"]
[Black "Greibrokk, Maria"]
[Result "1/2-1/2"]
[WhiteElo "1453"]
[BlackElo "1567"]
[PlyCount "37"]
[EventDate "2016.08.18"]

1. e4 c5 2. Nc3 Nc6 3. Bb5 Nd4 4. Bc4 g6 5. Nf3 Bg7 6. O-O e6 7. Nxd4 cxd4 8.
Ne2 a6 9. d3 b5 10. Bb3 Ne7 11. f4 O-O 12. Ng3 Bb7 13. f5 Nc6 14. Bf4 e5 15.
Bd2 a5 16. Qc1 Kh8 17. Bh6 f6 18. h4 Ne7 19. a3 1/2-1/2

[Event "European Youth Chess Championship G14"]
[Site "Prague, Top Hotel Prague"]
[Date "2016.08.24"]
[Round "6.44"]
[White "Munte, Noa"]
[Black "Sorensen, Signe Sofie Boss"]
[Result "1-0"]
[WhiteElo "1529"]
[BlackElo "1369"]
[PlyCount "107"]
[EventDate "2016.08.18"]

1. d4 Nf6 2. Nf3 e6 3. c4 d5 4. cxd5 exd5 5. Bg5 Be7 6. Nc3 c6 7. e3 Bg4 8. a3
O-O 9. Bd3 Nbd7 10. Be2 Re8 11. O-O Ne4 12. Bxe7 Qxe7 13. Qc2 Bxf3 14. Bxf3 Ng5
15. Be2 Qd6 16. Bd3 Nf6 17. h3 Nfe4 18. h4 Ne6 19. Nxe4 dxe4 20. Bxe4 h6 21. g3
Nf8 22. Bg2 Re6 23. b4 Nh7 24. Qc5 Qd8 25. Rfd1 Qf6 26. Rab1 g5 27. Bh3 Rd6 28.
Qf5 Qg7 29. h5 Nf6 30. g4 Re8 31. Bg2 Rde6 32. Re1 Ne4 33. Bxe4 Rxe4 34. Rbd1
b6 35. Rd3 Qf8 36. f3 R4e6 37. e4 R8e7 38. e5 f6 39. Rde3 Qf7 40. Qd3 fxe5 41.
Rxe5 Rxe5 42. Rxe5 Rd7 43. Qe4 Qf6 44. Kg2 a5 45. Re6 Qf7 46. Rg6+ Kf8 47. Qe5
Qa2+ 48. Kg3 Qf7 49. Rf6 axb4 50. Rxf7+ Rxf7 51. axb4 Re7 52. Qh8+ Kf7 53. Qxh6
Ke8 54. Qxg5 1-0

[Event "European Youth Chess Championship G14"]
[Site "Prague, Top Hotel Prague"]
[Date "2016.08.24"]
[Round "6.45"]
[White "Moerwald, Miriam"]
[Black "Plaza, Reino Leire"]
[Result "1-0"]
[WhiteElo "1618"]
[BlackElo "1124"]
[PlyCount "143"]
[EventDate "2016.08.18"]

1. e4 c5 2. Nf3 d6 3. d4 cxd4 4. Qxd4 a6 5. c4 Nc6 6. Qd2 g6 7. Nc3 Bg7 8. b3
Nf6 9. Bb2 Qa5 10. Rb1 O-O 11. Be2 Bg4 12. O-O Nxe4 13. Nxe4 Qxd2 14. Nexd2 Ne5
15. h3 Bxf3 16. Nxf3 Nxf3+ 17. Bxf3 Rac8 18. Bxb7 Rc7 19. Bxg7 Kxg7 20. Bf3 Rb8
21. Rfe1 Ra7 22. Rbc1 a5 23. c5 dxc5 24. Rxc5 e6 25. Rc4 Rb4 26. Rxb4 axb4 27.
Re2 Ra6 28. Be4 f6 29. Bd3 Rb6 30. Bc4 e5 31. a3 bxa3 32. Ra2 Kf8 33. Rxa3 Ke7
34. Ra7+ Kd6 35. Rxh7 Kc5 36. g4 f5 37. gxf5 gxf5 38. Rh5 Re6 39. Bd3 e4 40.
Bxe4 Kb4 41. Rxf5 Rh6 42. Rf3 Rh4 43. Bc2 Rh5 44. Rf4+ Kc3 45. Rc4+ Kb2 46. h4
Ka3 47. Bd1 Rh6 48. h5 Re6 49. Kf1 Rd6 50. Bc2 Rh6 51. Rc5 Kb4 52. Rd5 Kc3 53.
Bd1 Kb4 54. Rd8 Kc3 55. Rb8 Kd4 56. b4 Kc4 57. b5 Kc5 58. b6 Kc6 59. Bf3+ Kd7
60. b7 Rxh5 61. Rd8+ Kxd8 62. b8=Q+ Ke7 63. Bxh5 Kf6 64. Qd6+ Kf5 65. Bg6+ Kg5
66. f4+ Kg4 67. Qf6 Kf3 68. Qe6 Kxf4 69. Qf5+ Ke3 70. Qe4+ Kd2 71. Qd3+ Kc1 72.
Qc2# 1-0

[Event "European Youth Chess Championship G14"]
[Site "Prague, Top Hotel Prague"]
[Date "2016.08.24"]
[Round "6.46"]
[White "Mura, Marta"]
[Black "Norlamo, Sarabella"]
[Result "0-1"]
[WhiteElo "1483"]
[BlackElo "1534"]
[PlyCount "92"]
[EventDate "2016.08.18"]

1. d4 Nf6 2. Nd2 d5 3. Ngf3 e6 4. Ne5 Bd6 5. f4 Nh5 6. e3 Qh4+ 7. Ke2 Ng3+ 8.
hxg3 Qxh1 9. Ng4 Qh5 10. Kf2 Qg6 11. Bd3 f5 12. c4 Qxg4 13. Qxg4 fxg4 14. e4
dxe4 15. Nxe4 Nc6 16. a3 Nxd4 17. Be3 Nf5 18. c5 Be7 19. Bd2 Bd7 20. b4 a6 21.
Bc3 Kf7 22. Rd1 Bb5 23. Bxb5 axb5 24. Rd7 Rac8 25. Be5 Rhd8 26. Rxc7 Rxc7 27.
Bxc7 Rd3 28. Be5 Rxa3 29. Nc3 Bf6 30. Nxb5 Ra2+ 31. Kg1 Bxe5 32. fxe5 Rb2 33.
Nd6+ Nxd6 34. exd6 Rxb4 35. Kf2 Rc4 36. Ke3 Rxc5 37. Kf4 b5 38. Kxg4 b4 39. Kf4
b3 40. Ke4 b2 41. Kd4 Rd5+ 42. Kc3 b1=Q 43. d7 Qc1+ 44. Kb4 Rxd7 45. g4 Rb7+
46. Ka5 Qa3# 0-1

[Event "European Youth Chess Championship G14"]
[Site "Prague, Top Hotel Prague"]
[Date "2016.08.24"]
[Round "6.47"]
[White "Janotkova, Katerina"]
[Black "Lorencova, Michaela"]
[Result "1-0"]
[WhiteElo "1229"]
[BlackElo "1491"]
[PlyCount "77"]
[EventDate "2016.08.18"]

1. e4 e5 2. Bc4 Nf6 3. d3 Bc5 4. Bb3 d6 5. Nf3 Bg4 6. O-O O-O 7. c3 Nc6 8. Qe2
Re8 9. Rd1 Bb6 10. Nbd2 Qd7 11. Nf1 h6 12. Ng3 Qe7 13. h3 Be6 14. Bc2 Bd7 15.
Nh4 d5 16. Nhf5 Bxf5 17. Nxf5 Qe6 18. Qf3 Kh7 19. Qg3 Rg8 20. Qh4 Nd7 21. Bb3
g5 22. Qg3 Nf6 23. Be3 Rad8 24. h4 Bxe3 25. Qxe3 Ne7 26. Nxe7 Qxe7 27. hxg5
Rxg5 28. exd5 Nxd5 29. Bxd5 Rxd5 30. Qe4+ f5 31. Qxd5 c6 32. Qf3 Qf7 33. Re1 f4
34. Qe4+ Kh8 35. d4 f3 36. Qh4 Rxg2+ 37. Kh1 Kh7 38. dxe5 Qg6 39. Qe7+ 1-0

[Event "European Youth Chess Championship G14"]
[Site "Prague, Top Hotel Prague"]
[Date "2016.08.24"]
[Round "6.49"]
[White "Smith, Rachel Lorna"]
[Black "Minko, Olga"]
[Result "0-1"]
[WhiteElo "1616"]
[BlackElo "1622"]
[PlyCount "61"]
[EventDate "2016.08.18"]

1. Nf3 d5 2. c4 dxc4 3. e3 a6 4. Bxc4 b5 5. Be2 Bb7 6. b3 e6 7. Bb2 Nd7 8. Qc2
Ngf6 9. d3 c5 10. O-O Be7 11. Nbd2 O-O 12. Rfd1 Rc8 13. Rac1 Qb6 14. Qb1 Rfd8
15. d4 Qa7 16. Bd3 h6 17. Rc2 Qa8 18. Rdc1 cxd4 19. Rxc8 Rxc8 20. Rxc8+ Qxc8
21. Nxd4 Bb4 22. N4f3 Qc6 23. Qc2 Qd6 24. a3 Bxa3 25. Ba1 Bb4 26. h3 Nc5 27.
Bxf6 Qxd3 28. Qxd3 Nxd3 29. Ba1 Nc1 30. Bb2 Bxd2 (30... Bxf3 31. Nxf3 Nxb3 32.
Kf1 a5 33. Ke2 a4 34. Nd4 a3 35. Bc3 Bxc3 36. Nxb3 a2 37. Kd3 a1=Q 38. Nxa1
Bxa1 39. f3 b4 40. Kc4 Bc3 41. e4 Kh7 42. h4 Kg6 43. g4 Kf6 44. f4 Ke7 45. Kb3
Kd6 46. Kc4 Kc6 47. h5 f6 48. f5 e5 49. Kd3 Kc5 50. Ke3 Kc4 51. Ke2 b3) 31.
Nxd2 0-1

[Event "European Youth Chess Championship G14"]
[Site "Prague, Top Hotel Prague"]
[Date "2016.08.25"]
[Round "7.1"]
[White "Maltsevskaya, Aleksandra"]
[Black "Vinokur, Yuliya"]
[Result "1-0"]
[WhiteElo "2341"]
[BlackElo "1976"]
[PlyCount "71"]
[EventDate "2016.08.18"]

1. e4 c5 2. Nf3 Nc6 3. Bb5 g6 4. Bxc6 dxc6 5. d3 Bg7 6. Nbd2 Nh6 7. h3 O-O 8.
Nb3 b6 9. Qe2 f6 10. Be3 e5 11. g4 Nf7 12. Nbd2 Be6 13. Nf1 Qe7 14. N3d2 Rad8
15. Ng3 Nd6 16. a4 Rd7 17. h4 Rfd8 18. h5 Nf7 19. hxg6 hxg6 20. Nf5 Bxf5 21.
gxf5 g5 22. Qh5 Kf8 23. a5 Nd6 24. axb6 axb6 25. Kf1 Ra7 26. Rxa7 Qxa7 27. Kg2
Qa2 28. c4 Qxb2 29. Qg6 Ne8 30. Rb1 Qc2 31. Rxb6 Qxd3 32. Rb7 Kg8 33. Re7 Qe2
34. Rxe8+ Rxe8 35. Qxe8+ Kh7 36. Nf3 1-0

[Event "European Youth Chess Championship G14"]
[Site "Prague, Top Hotel Prague"]
[Date "2016.08.25"]
[Round "7.2"]
[White "Kucharska, Honorata"]
[Black "Goltseva, Ekaterina"]
[Result "1/2-1/2"]
[WhiteElo "1851"]
[BlackElo "2213"]
[PlyCount "69"]
[EventDate "2016.08.18"]

1. d4 d5 2. Nf3 Nf6 3. e3 c5 4. b3 Nc6 5. Bb2 Bg4 6. Be2 e6 7. O-O Bd6 8. Nbd2
O-O 9. h3 Bh5 10. Ne5 Bxe2 11. Qxe2 Nd7 12. f4 f6 13. Nxc6 bxc6 14. e4 Qe7 15.
Rae1 Rae8 16. Qf3 cxd4 17. Bxd4 Bc5 18. c3 Qd6 19. Kh1 Bb6 20. Qd3 Qc7 21. Bg1
Bxg1 22. Kxg1 Nb6 23. c4 Rd8 24. exd5 cxd5 25. Qe3 Rfe8 26. c5 d4 27. cxb6 dxe3
28. bxc7 Rxd2 29. Rxe3 Rc2 30. Rfe1 Kf7 31. R1e2 Rxc7 32. Re4 Ree7 33. Kf2 Rc6
34. Ra4 Rd7 35. Rae4 1/2-1/2

[Event "European Youth Chess Championship G14"]
[Site "Prague, Top Hotel Prague"]
[Date "2016.08.25"]
[Round "7.3"]
[White "Berdnyk, Mariia"]
[Black "Peycheva, Gergana"]
[Result "0-1"]
[WhiteElo "2204"]
[BlackElo "2134"]
[PlyCount "70"]
[EventDate "2016.08.18"]

1. d4 Nf6 2. c4 e6 3. Nc3 Bb4 4. e3 O-O 5. Nge2 Re8 6. a3 Bf8 7. e4 d5 8. e5
Nfd7 9. Ng3 c5 10. f4 cxd4 11. Qxd4 Nc6 12. Qd1 Nb6 13. cxd5 exd5 14. Bd3 Bc5
15. Nce2 Nd7 16. b4 Bb6 17. Nf5 Ndxe5 18. fxe5 Bxf5 19. Bxf5 Rxe5 20. Bd3 Qf6
21. Bb2 Qf2+ 22. Kd2 Nd4 23. Bxd4 Bxd4 24. Ra2 Rc8 25. Qb1 Qxg2 26. Qf1 Qg5+
27. Kd1 Rxe2 28. Bxh7+ Kf8 29. Qh3 Qc1+ 30. Kxe2 Re8+ 31. Kf3 Qxh1+ 32. Qg2
Re3+ 33. Kf4 Qxg2 34. Rxg2 g6 35. Rd2 Re4+ 0-1

[Event "European Youth Chess Championship G14"]
[Site "Prague, Top Hotel Prague"]
[Date "2016.08.25"]
[Round "7.4"]
[White "Palma, Maria"]
[Black "Antova, Gabriela"]
[Result "0-1"]
[WhiteElo "1911"]
[BlackElo "2241"]
[PlyCount "96"]
[EventDate "2016.08.18"]

1. Nf3 c5 2. c4 g6 3. g3 Bg7 4. Bg2 Nc6 5. Nc3 d6 6. O-O e5 7. d3 Nge7 8. a3
O-O 9. Rb1 a5 10. Ne1 Be6 11. Nc2 d5 12. cxd5 Nxd5 13. Ne3 Nde7 14. Nc4 Rb8 15.
Nb5 Bd5 16. Bd2 Bxg2 17. Kxg2 b6 18. Kg1 Nd5 19. Ne3 h5 20. Qa4 Nxe3 21. Bxe3
f5 22. Qc4+ Kh7 23. f4 Qd7 24. a4 Rbe8 25. Rfe1 Nb4 26. b3 Nd5 27. Bd2 exf4 28.
Bxf4 Nxf4 29. Qxf4 Be5 30. Qf3 f4 31. Qg2 fxg3 32. hxg3 Qg4 33. Rf1 Bxg3 34.
Rxf8 Rxf8 35. Rf1 Rxf1+ 36. Kxf1 Qf4+ 37. Kg1 h4 38. Qf3 Kh6 39. Qxf4+ Bxf4 40.
Nc3 g5 41. Nd5 Be5 42. Nxb6 g4 43. Nc4 Bc3 44. Nd6 Bd4+ 45. Kh1 Kg5 46. e4 h3
47. Nc4 g3 48. Nxa5 g2+ 0-1

[Event "European Youth Chess Championship G14"]
[Site "Prague, Top Hotel Prague"]
[Date "2016.08.25"]
[Round "7.5"]
[White "Zotova, Anastasia"]
[Black "Pipia, Ekaterine"]
[Result "1-0"]
[WhiteElo "2137"]
[BlackElo "1661"]
[PlyCount "123"]
[EventDate "2016.08.18"]

1. e4 c5 2. Nf3 d6 3. d4 cxd4 4. Nxd4 Nf6 5. Nc3 g6 6. Be3 Bg7 7. f3 O-O 8. Qd2
Nc6 9. O-O-O d5 10. Nxc6 bxc6 11. exd5 cxd5 12. Nxd5 Nxd5 13. Qxd5 Qc7 14. Qxa8
Bf5 15. Qxf8+ Kxf8 16. Rd2 Kg8 17. Be2 h5 18. Kb1 Qe5 19. Bd4 Qf4 20. Rhd1 Bxd4
21. Rxd4 Qxh2 22. Bf1 h4 23. R4d2 Qg3 24. Ka1 h3 25. gxh3 Qxf3 26. c4 e5 27. c5
e4 28. Bg2 Qg3 29. c6 e3 30. Re2 Kg7 31. Rc1 Bd3 32. c7 Bxe2 33. c8=Q Qxg2 34.
Qc3+ Kh7 35. Qxe3 a6 36. a3 Bb5 37. Qf4 Qd5 38. h4 Kg7 39. Re1 Kh7 40. Qf6 Bc4
41. Qc3 Bb5 42. b3 Bd7 43. Kb2 Bf5 44. a4 Qd6 45. Re8 Qh2+ 46. Ka3 Qd6+ 47. b4
f6 48. Qe3 Qd3+ 49. Qxd3 Bxd3 50. Re3 Bc4 51. Re4 Bd3 52. Rd4 Be2 53. Kb2 Kh6
54. Kc2 f5 55. Kd2 Bf3 56. b5 axb5 57. axb5 g5 58. hxg5+ Kxg5 59. Ke3 Bh1 60.
b6 Kf6 61. Rd7 Ke6 62. Rh7 1-0

[Event "European Youth Chess Championship G14"]
[Site "Prague, Top Hotel Prague"]
[Date "2016.08.25"]
[Round "7.6"]
[White "Bulatova, Kamaliya"]
[Black "Malicka, Maria"]
[Result "1/2-1/2"]
[WhiteElo "1999"]
[BlackElo "2009"]
[PlyCount "45"]
[EventDate "2016.08.18"]

1. d4 d5 2. c4 dxc4 3. e4 b5 4. a4 c6 5. axb5 cxb5 6. Nc3 a6 7. Nxb5 axb5 8.
Rxa8 Bb7 9. Ra1 e6 10. f3 f5 11. e5 Nc6 12. Ne2 Nge7 13. Kf2 Nd5 14. Nc3 Nxc3
15. bxc3 Nxe5 16. Qe1 Qh4+ 17. g3 Qh5 18. Qxe5 Qxf3+ 19. Ke1 Qxc3+ 20. Kf2 Qf3+
21. Ke1 Qc3+ 22. Kf2 Qf3+ 23. Ke1 1/2-1/2